Origine des immigrés en Suisse - Statistiques

Statistiques générales
  • Ce quiz a été pris 1 215 fois
  • Le résultat moyen est 10 sur 16
Statistiques - réponses
Pourcentage Pays % Correct
6,04% France
98%
15,1% Italie
97%
14,4% Allemagne
96%
3,97% Espagne
91%
12,8% Portugal
90%
3,27% Serbie / Turquie
81%
1,99% Autriche
79%
1,97% Royaume Uni
73%
1,29% Pologne
64%
1,37% Croatie
58%
5,2% Kosovo
56%
1% Pays Bas
52%
1,49% Bosnie Herzégovine
46%
3,12% Macédoine
31%
1,57% Érythrée
12%
1,36% Sri Lanka
8%
Aucun quiz correspondant
Distribution des résultats
% des personnes avec chaque résultat
Percentile par nombre de réponses
Votre historique - résultats
Vous n’avez pas pris ce quiz